Datum a čas kvízu
20
Celkem bodů
Celkový počet nahraných bodů na tomto kvízu bez doplňovacích otázek.
6.
Pořadí na kvízu
Konečné umístění týmu na tomto kvízu.
Zaznamenané odpovědi
| # | Otázka | Odpověď | Body | Výsledky |
|---|---|---|---|---|
| 1. | Šéf odborů po svém znovuzvolen... | Josef Středula | 0 | |
| 2. | Ruská plynárenská společnost G... | Polsko, Bulharsko | 1 | |
| 3. | Ve čtvrtek vstoupil do našich... | Promlčeno | 0 | |
| 4. | Minulý týden konečně nabyl jas... | Elon Musk, Twitter | 1 | |
| 5. | Česká snowboardistka a sjezdov... | windsurfing | 0 | |
| 6. | Při závodech osmiveslic nesmí... | kormidelníka | 0 | |
| 7. | Seřaďte následující zvířata po... | 1B 2A 3D 4C | 0 | |
| 8. | Celkem 22 koulí, plocha necelý... | snooker | 0 | |
| 9. | Kterou hodnotu určuje číslo 13... | C | 0 | |
| 10. | Křížová cesta je řada kapliček... | 14 zastavení | 0 |